| 000 | 00000nam##2200000za#4500 |
| 001 | 9.694508 |
| 003 | CaOODSP |
| 005 | 20210624234142 |
| 007 | cr ||||||||||| |
| 008 | 150407|2001||||xxc|||||o f|0| 0 eng|d |
| 040 | |aCaOODSP|beng |
| 043 | |an-cn--- |
| 086 | 1 |aNH15-456/2001E-PDF |
| 110 | 2 |aCanada Mortgage and Housing Corporation. |
| 245 | 10|aGuidelines for on-site measurement of moisture in wood building materials |h[electronic resource] |
| 260 | |aOttawa - Ontario : |bCanada Mortgage and Housing Corporation |cSeptember 2001. |
| 300 | |a36p.|bfigs. (some coloured), graph, references, table, photographs |
| 546 | |a(Préface en français.) |
| 590 | |a11-27-Supp|b2011-11-15 |
| 690 | 07|aConstruction materials|2gcpds |
| 690 | 07|aMeasurement|2gcpds |
| 690 | 07|aWood|2gcpds |
| 856 | 40|ahttp://publications.gc.ca|qPDF|s1.52 MB|uhttps://publications.gc.ca/collections/collection_2011/schl-cmhc/NH15-456-2001-eng.pdf |